[Event "4NCL Division 2c"]
[Site "Hinckley Island ENG"]
[Date "2015.05.02"]
[Round "9.243"]
[White "Carleton, John J"]
[Black "Emerson, Roger"]
[Result "1-0"]
[WhiteElo "2251"]
[BlackElo "2192"]
[PlyCount "125"]
[EventDate "2015.05.02"]
[WhiteTeam "Spirit of Atticus A"]
[BlackTeam "Guildford 3"]

1. d4 e6 2. c4 Nf6 3. Nc3 d5 4. Bg5 c5 5. cxd5 Qb6 6. Bxf6 Qxb2 7. Qc1 Qxc1+ 8.
Rxc1 gxf6 9. Nf3 Nd7 10. e3 a6 11. Bd3 b5 12. dxc5 Nxc5 13. Bb1 Bb7 14. Nd4 Rd8
15. Nc6 Rd6 16. Nxb5 axb5 17. Rxc5 Rxd5 18. Rxd5 exd5 19. Nd4 Bc5 20. Kd2 Bxd4
21. exd4 Kd7 22. Rc1 Ra8 23. Rc3 Ra4 24. Ke3 h6 25. Rb3 Bc6 26. Rb2 Kd6 27. Bc2
Ra8 28. Bd3 Ra3 29. Kd2 Ra4 30. Ke3 Ra3 31. Rd2 Bd7 32. Kf4 Ra4 33. Bh7 Rc4 34.
Bc2 Rc3 35. Bb3 Rc8 36. Rc2 Rxc2 37. Bxc2 b4 38. Kg3 Bb5 39. Kg4 Be2+ 40. f3
Bf1 41. g3 Be2 42. h4 Ke6 43. Bf5+ Ke7 44. Bc2 Ke6 45. Kh5 Bxf3+ 46. Kxh6 Be4
47. Bd1 Bb1 48. Bb3 Bf5 49. Kh5 Bg6+ 50. Kg4 Bd3 51. Kf4 Bg6 52. g4 Be4 53. h5
Ke7 54. h6 Ke6 55. Bd1 Bb1 56. Bf3 Bc2 57. Bg2 Bb1 58. Bh3 Bg6 59. g5+ f5 60.
Bg2 Kd6 61. Bf3 Ke6 62. Bd1 Bh7 63. Bh5 1-0

[Event "4NCL Division 2c"]
[Site "Hinckley Island ENG"]
[Date "2015.05.02"]
[Round "9.244"]
[White "Granat, Russell"]
[Black "Jackson, Sheila"]
[Result "1/2-1/2"]
[WhiteElo "2189"]
[BlackElo "2134"]
[PlyCount "83"]
[EventDate "2015.05.02"]
[WhiteTeam "Guildford 3"]
[BlackTeam "Spirit of Atticus A"]

1. e4 e5 2. Nf3 Nc6 3. Bb5 a6 4. Ba4 Nf6 5. O-O Be7 6. Qe2 b5 7. Bb3 O-O 8. c3
d6 9. d4 Bb7 10. Rd1 Qc8 11. Nbd2 h6 12. Nf1 Re8 13. dxe5 Nxe5 14. Nxe5 dxe5
15. Ng3 c5 16. c4 Bc6 17. f3 Bf8 18. Nf5 Qc7 19. Qf2 Kh7 20. Qh4 Ng8 21. g4 b4
22. Be3 f6 23. Qf2 g6 24. Ng3 Qb6 25. h4 a5 26. Bc2 Red8 27. h5 g5 28. Nf5 a4
29. b3 axb3 30. Bxb3 Rac8 31. Rd5 Bxd5 32. exd5 Kh8 33. Qc2 Qa7 34. Rd1 Bd6 35.
Qe4 Qf7 36. Bc2 Rc7 37. Bc1 Ra7 38. Bb1 Rb7 39. Qe3 Bf8 40. Be4 Ra7 41. Qf2 Ne7
42. Nxe7 1/2-1/2

[Event "4NCL Division 2c"]
[Site "Hinckley Island ENG"]
[Date "2015.05.02"]
[Round "9.245"]
[White "Phillips, David A"]
[Black "Sarakauskiene, Zivile"]
[Result "0-1"]
[WhiteElo "2162"]
[BlackElo "2152"]
[PlyCount "36"]
[EventDate "2015.05.02"]
[WhiteTeam "Spirit of Atticus A"]
[BlackTeam "Guildford 3"]

1. e4 c5 2. Nf3 e6 3. d4 cxd4 4. Nxd4 a6 5. c4 Nf6 6. Nc3 Qc7 7. Bd3 d6 8. O-O
Nbd7 9. Qe2 Ne5 10. Bg5 Be7 11. Rad1 Bd7 12. f4 Qc5 13. Kh1 Qxd4 14. fxe5 Qxe5
15. Bf4 Qc5 16. e5 dxe5 17. Bxe5 Bc6 18. Ne4 Qxe5 0-1

[Event "4NCL Division 2c"]
[Site "Hinckley Island ENG"]
[Date "2015.05.02"]
[Round "9.246"]
[White "Zhang, Anthony"]
[Black "Ackley, Peter J"]
[Result "1/2-1/2"]
[WhiteElo "2170"]
[BlackElo "2125"]
[PlyCount "98"]
[EventDate "2015.05.02"]
[WhiteTeam "Guildford 3"]
[BlackTeam "Spirit of Atticus A"]

1. d4 e6 2. Nf3 f5 3. c4 Nf6 4. g3 d5 5. Bg2 c6 6. O-O Bd6 7. Nc3 O-O 8. Qc2
Qe8 9. Rb1 b5 10. cxb5 cxb5 11. Ne1 Bd7 12. b4 Qe7 13. a3 Rc8 14. Nd3 Ne4 15.
Nc5 Be8 16. N5xe4 dxe4 17. Qb3 a6 18. f3 Nc6 19. Be3 exf3 20. Bxf3 Bf7 21. Rbd1
Rc7 22. Bf2 Rac8 23. Rc1 Qf6 24. Rfd1 Ne7 25. e4 e5 26. d5 f4 27. Bg4 Rb8 28.
Ne2 h5 29. Rxc7 Bxc7 30. Be6 f3 31. Nc1 Bxe6 32. dxe6 Bb6 33. Rd3 Qg5 34. Na2
h4 35. Rxf3 hxg3 36. hxg3 Qd2 37. Bxb6 Rxb6 38. Qd3 Qxd3 39. Rxd3 Rxe6 40. Nc1
Nc6 41. Nb3 Nd4 42. Nxd4 Rd6 43. Kf2 exd4 44. Kf3 Kf7 45. e5 Rd5 46. Ke4 Ke6
47. Rxd4 Rxe5+ 48. Kf4 Rf5+ 49. Ke4 Re5+ 1/2-1/2

[Event "4NCL Division 2c"]
[Site "Hinckley Island ENG"]
[Date "2015.05.02"]
[Round "9.247"]
[White "Ellames, Roy"]
[Black "Osborne, Marcus"]
[Result "1-0"]
[WhiteElo "2140"]
[BlackElo "2192"]
[PlyCount "69"]
[EventDate "2015.05.02"]
[WhiteTeam "Spirit of Atticus A"]
[BlackTeam "Guildford 3"]

1. e4 g6 2. d4 Bg7 3. c4 d6 4. Nc3 Nf6 5. Nge2 Nbd7 6. Ng3 h5 7. Be2 c5 8. d5
b5 9. cxb5 a6 10. a4 Qa5 11. Bd2 Ne5 12. f4 Ned7 13. Nf1 axb5 14. Bxb5 O-O 15.
Ne3 Nb6 16. O-O Rb8 17. h3 Qa8 18. a5 Nbd7 19. Qe2 Ne8 20. Rfb1 Nc7 21. Bc6 Qa7
22. Nc4 Qa6 23. b3 Rd8 24. Qf3 Nf6 25. e5 Nfe8 26. g4 hxg4 27. hxg4 dxe5 28.
fxe5 Rxb3 29. Rxb3 Qxc4 30. Rf1 Kh8 31. Ne4 Bxe5 32. Ng5 Nf6 33. Nxf7+ Kg7 34.
Nxe5 Rh8 35. Nxc4 1-0

[Event "4NCL Division 2c"]
[Site "Hinckley Island ENG"]
[Date "2015.05.02"]
[Round "9.248"]
[White "Golding, Alex"]
[Black "Robertson, David J"]
[Result "0-1"]
[WhiteElo "2050"]
[BlackElo "2095"]
[PlyCount "70"]
[EventDate "2015.05.02"]
[WhiteTeam "Guildford 3"]
[BlackTeam "Spirit of Atticus A"]

1. e4 c5 2. Nf3 e6 3. d4 cxd4 4. Nxd4 Nc6 5. Be3 Qc7 6. Be2 a6 7. O-O Nf6 8. f3
Bd6 9. h3 Nh5 10. Nxc6 Bh2+ 11. Kh1 Ng3+ 12. Kxh2 Nxf1+ 13. Kg1 Nxe3 14. Qd3
Nxc2 15. Qxc2 Qxc6 16. Nc3 b5 17. Rc1 b4 18. Na4 Qxc2 19. Rxc2 Rb8 20. e5 Ke7
21. Rc7 Rb7 22. Rc5 d6 23. Rc6 dxe5 24. Nc5 Ra7 25. Kf2 Rd8 26. Nd3 a5 27. Nxe5
f6 28. Nd3 Bd7 29. Rc5 Rc8 30. Rxc8 Bxc8 31. Ke3 Ba6 32. Nf4 Bxe2 33. Nxe2 e5
34. g4 Rd7 35. Nc1 Rd1 0-1